| 000 | 00413 a2200169 4500 | ||
|---|---|---|---|
| 005 | 20250503114227.0 | ||
| 008 | 250219b |||||||| |||| 00| 0 eng d | ||
| 020 |
_a9789391798833 _cRs. 2995.00 |
||
| 040 | _aMAIN | ||
| 082 |
_a570 _bR197D |
||
| 100 | _aRavinder, Singh | ||
| 245 | _aDevelopmental biology | ||
| 260 |
_bAcademic Publication _c2023 _aDelhi |
||
| 300 | _a304 | ||
| 650 | _aBiology | ||
| 942 | _cBK | ||
| 999 |
_c359804 _d359804 |
||